150 Greek Islands on a Map - Statistics

General Stats
  • This quiz has been taken 1,337 times
  • The average score is 37 of 150
Answers on the Map
Answers color-coded by a green-red scale on the quiz's map according to % correct below.
 
Answer Stats
Islands % Correct
Crete
98%
Ro
91%
Rhodes
88%
Corfu
85%
Lesbos
85%
Santorini
78%
Naxos
77%
Zakynthos
75%
Euboea
71%
Kephalonia
70%
Kos
70%
Mykonos
69%
Samos
69%
Chios
66%
Paros
65%
Lemnos
62%
Lefkada
61%
Andros
58%
Thassos
57%
Ithaca
54%
Milos
54%
Karpathos
52%
Kythera
50%
Samothrace
50%
Ikaria
49%
Tinos
46%
Ios
45%
Skiathos
44%
Antiparos
43%
Skyros
42%
Hydra
41%
Kea
41%
Syros
41%
Salamina
40%
Skopelos
40%
Aigina
39%
Amorgos
38%
Delos
36%
Antikythera
34%
Kalymnos
34%
Seriphos
34%
Siphnos
34%
Patmos
33%
Paxi
33%
Symi
33%
Alonnisos
32%
Spetses
32%
Astypalaia
31%
Folegandros
31%
Kastellorizo
31%
Poros
31%
Kythnos
30%
Leros
29%
Antipaxi
27%
Gavdos
27%
Nisyros
27%
Psara
27%
Kasos
26%
Tilos
26%
Anaphi
24%
Agios Eustratios
23%
Chalki
23%
Ano Koufonisi
22%
Kato Koufonisi
22%
Kimolos
22%
Aggistri
21%
Makronisos
21%
Sikinos
21%
Fournoi
20%
Koufonisi Lasithiou
20%
Antimilos
17%
Donousa
17%
Elafonisos
17%
Leipsi
17%
Othoni
17%
Giaros
16%
Iraklia
16%
Meganisi
16%
Oinousses
16%
Keros
14%
Schinousa
14%
Dokos
13%
Pserimos
13%
Agathonisi
12%
Antipsara
12%
Dia Herakliou
12%
Therasia
12%
Kalamos
11%
Kastos
11%
Kyra Panagia
11%
Ammouliani
10%
Erikousa
10%
Megalonisos
10%
Saria Dodekanisou
10%
Agios Georgios
9%
Farmakonisi
9%
Polyaigos
9%
Arkoi
8%
Mathraki
8%
Piperi
8%
Stroggyli Megistis
8%
Alimia
7%
Atokos
7%
Despotiko Kykladon
7%
Nea Kameni Theras
7%
Peristera
7%
Thymena
7%
Arkoudi
6%
Gyali Dodekanisou
6%
Patroclus
6%
Sapientza
6%
Syrna
6%
Chrysi Lasithiou
5%
Falkonera
5%
Levitha
5%
Marathos
5%
Oxia
5%
Schiza
5%
Agios Minas Fournon
4%
Christiana
4%
Dragonada
4%
Gaidouronisi
4%
Pythos
4%
Skantzoura
4%
Skyropoula
4%
Yioura
4%
Zaphoras
4%
Anydros Amorgou
3%
Astakida
3%
Atalantonisi
3%
Kinaros
3%
Louros
3%
Makra
3%
Ophidoussa
3%
Pachia
3%
Pasas
3%
Proti
3%
Sarakino
3%
Styra Evias
3%
Valaxa Skyrou
3%
Velopoula
3%
Armathia
2%
Chersonisi
2%
Diaporos Chalkidikis
2%
Elasa Lasithiou
2%
Petalas
2%
Pontikousa
2%
Prokopanistos
2%
Sfaktiria
2%
Mochlos Lasithiou
1%
No matching quizzes found
Score Distribution
Percent of People with Each Score
Percentile by Number Answered
Your Score History
You have not taken this quiz